000 nam a22 a 4500
999 _c512
_d512
005 20170504101751.0
008 170504b1971 enk||||| |||| 00| 0 eng d
020 _a0140223738 (pbk)
040 _aAKMAL
082 _a153.42 BON
090 _a153.42
_bBON
100 1 _aDe Bono, Edward,
_d1933-
_91066
245 0 0 _aLateral thinking for management :
_ba handbook /
_c Edward de Bono
260 _aHarmondsworth :
_b Penguin,
_c1982(1984)
300 _a225p
_c20cm
490 0 _aPelican books
942 _2ddc
_cBOOK